Νανά
Αποθηκεύτηκε σε:
| Κύριος συγγραφέας: | |
|---|---|
| Άλλοι συγγραφείς: | |
| Μορφή: | Βιβλίο |
| Γλώσσα: | Greek |
| Δημοσίευση: |
Αθήνα :
Σ.Δαρεμάς,
1957
|
| Θέματα: | |
| Ετικέτες: |
Προσθήκη ετικέτας
Δεν υπάρχουν, Καταχωρήστε ετικέτα πρώτοι!
|
MARC
| LEADER | 00000nam a2200000 i 4500 | ||
|---|---|---|---|
| 001 | 1/30290 | ||
| 008 | 960809s1957 gre d | ||
| 035 | |l 10023374 | ||
| 040 | |a GR-MY-UA |b gre |e aacr | ||
| 041 | 0 | |a gre | |
| 082 | 0 | |a 843 | |
| 100 | 1 | |a Zola, Émile, |d 1840-1902. | |
| 245 | 1 | 0 | |a Νανά / |c Αιμίλιος Ζολά ; Μετάφραση:Στάθης Πρωταίος |
| 260 | |a Αθήνα : |b Σ.Δαρεμάς, |c 1957 | ||
| 300 | |a 238 σ. | ||
| 650 | 0 | 0 | |a French literature. |
| 700 | 1 | |a Πρωταίος, Στάθης |d 1921- |4 trl | |
| 852 | |a INST |b CHIOS |e 19960809 |h 843 ΖΟΛ |p 005200009241 |q 005200009241 |t BK |y 0 | ||
| 909 | |a Χ |b 016337 | ||